Top 15 der betroffenen Covid-19-Länder - 3. September - Statistiken

Allgemein
  • Dieses Quiz wurde 13 mal gespielt
  • Das Durchschnittsergebnis liegt bei 10 aus 24
Antwortstatistiken
Land % Korrekt
Brasilien
85%
Indien
85%
Vereinigte Staaten
85%
Russland
77%
Mexiko
69%
Vereinigtes Königreich
62%
Peru
54%
Spanien
54%
Argentinien
46%
Chile
46%
Chile
46%
Bolivien
38%
Israel
38%
Bangladesch
31%
Iran
31%
Armenien
23%
Bahrain
23%
Katar
23%
Panama
23%
Saudi-Arabien
23%
Oman
15%
Südafrika
15%
Kolumbien
8%
Kuwait
8%
Keine übereinstimmenden Quizze gefunden
Verteilung der Resultate
Anzahl Personen mit jedem Resultat
Perzentil nach korrekt beantworteten Fragen
Ihre Resultats-Entwicklung
Sie haben dieses Quiz noch nicht gespielt